000 00593nam a2200205Ii 4500
001 10256
003 CO-ViMGA
008 241108s9999||||xx |||||||||||||| ||und||
040 _aCO-ViMGA
_bspa
_erda
_cCO-ViMGA
041 0 _aunk
082 0 4 _a864-U54(4)
100 1 _aMiguel de Unamuno
245 1 0 _aContra esto y aquello
264 1 _a[Lugar de publicación no identificado] : Espasa Calpe, 1957
300 _avolumen
336 _atext
_btxt
_2rdacontent
337 _aunmediated
_bn
_2rdamedia
338 _avolume
_bnc
_2rdacarrier
940 _aidficha_siabuc: 10026. -- ficha_no_siabuc:10256
999 _c54238
_d54238